Stolicę Azji - Statystyki

Ogólne statystyki
  • Ten quiz został rozwiązany 11 razy
  • Średni wynik to 24 z 50
Statystyki odpowiedzi
Hint Odpowiedź % Poprawnych
Kazachstan Astana
89%
Turkmenistan Aszchabad
89%
Korea Północna Pjongjang
89%
Zjednoczone Emiraty Arabskie Abu Zabi
67%
Azerbejdżan Baku
67%
Brunei Bandar Seri Begawan
67%
Bangladesz Dhaka
67%
Indonezja Dżakarta
67%
Wietnam Hanoi
67%
Afganistan Kabul
67%
Indie Nowe Delhi
67%
Korea Południowa Seul
67%
Japonia Tokio
67%
Irak Bagdad
56%
Liban Bejrut
56%
Kirgistan Biszkek
56%
Timor Wschodni Dili
56%
Tadżykistan Duszanbe
56%
Malediwy Male
56%
Chiny Pekin
56%
Arabia Saudyjska Rijad
56%
Singapur Singapur
56%
Gruzja Tbilisi
56%
Iran Teheran
56%
Jordania Amman
44%
Syria Damaszek
44%
Katar Doha
44%
Armenia Erywań
44%
Pakistan Islamabad
44%
Izrael Jerozolima
44%
Nepal Katmandu
44%
Kuwejt Kuwejt
44%
Filipiny Manila
44%
Jemen Sana
44%
Sri Lanka Sri Dźajawardanapura Kotte
44%
Tajwan Tajpej
44%
Bhutan Thimphu
44%
Mongolia Ułan Bator
44%
Laos Wientian
44%
Tajlandia Bangkok
33%
Bahrajn Manama
33%
Mjanmar Naypyidaw
33%
Kambodża Phnom Penh
33%
Uzbekistan Taszkient
33%
Abchazja Suchumi
22%
Osetia Południowa Cchinwali
11%
Oman Masket
11%
Malezja Kuala Lumpur,Putrajaya
0%
Górski Karabach Stepanakert
0%
Palestyna Wschodnia Jerozolima,Ramallah
0%
Nie znaleziono quizów pasujących do podanych kryteriów
Rozkład punktacji
Procent ludzi z każdym wynikiem
Percentyl według liczby udzielonych odpowiedzi
Twoja historia wyników
Nie rozwiązałeś tego quizu